[Event "WchT 11th"]
[Site "Khanty-Mansiysk"]
[Date "2017.06.26"]
[Round "9.4"]
[White "Xiong, Jeffery"]
[Black "Fedoseev, Vladimir"]
[Result "0-1"]
[WhiteElo "2658"]
[BlackElo "2703"]
[Annotator "Silver,A"]
[PlyCount "86"]
[EventDate "2017.06.17"]
[EventType "team-tourn"]
[EventRounds "9"]
[EventCountry "RUS"]
[SourceTitle "CBM 179"]
[Source "ChessBase"]
[SourceDate "2017.07.12"]
[SourceVersion "1"]
[SourceVersionDate "2017.07.12"]
[SourceQuality "1"]
[WhiteTeam "US of America"]
[BlackTeam "Russia"]
[WhiteTeamCountry "USA"]
[BlackTeamCountry "RUS"]

1. d4 d5 2. c4 e6 3. Nf3 Nf6 4. g3 Bb4+ 5. Bd2 Be7 6. Bg2 O-O 7. O-O c6 8. Qc2
a5 (8... Nbd7 9. Rd1 b6 10. Bf4 Bb7 11. Ne5 Nh5 12. Bd2 Nhf6 13. cxd5 cxd5 14.
Nc6 Bxc6 15. Qxc6 Rc8 16. Qb5 Ne8 17. Qd3 Nd6 18. Nc3 Nf6 19. b3 Qd7 20. Rac1
Rfd8 21. Rc2 Nde4 22. Be1 {1/2-1/2 (22) Radjabov,T (2710) -Gelfand,B (2724)
Moscow 2017}) 9. Rd1 b5 10. c5 Nbd7 11. Bf4 Nh5 12. Bc1 f5 13. Ne5 Nxe5 14.
dxe5 g5 15. Nd2 Qc7 16. Nf3 g4 17. Nd4 Bd7 $146 18. Bf4 Nxf4 19. gxf4 b4 ({
It seems unlikely the players knew it, but they transposed to a game played
three years ago all the way up to move 19.} 19... Kh8 20. f3 Rg8 21. Kh1 Rg6
22. fxg4 Rxg4 23. e3 Rag8 24. Bf3 R4g6 25. a3 Qd8 26. b4 a4 27. Rg1 Rxg1+ {
1/2-1/2 (27) Andersen,M (2476)-Farago,I (2484) Germany 2014}) 20. a4 bxa3 21.
Rxa3 Rfb8 22. h3 Qa7 23. Rc3 gxh3 $1 {[#]} 24. Bxd5 $3 (24. Bxh3 {was
certainly playable, but allows Black to grab the initiative after} Kh8 25. Kh2
Rb4 26. e3 Qb8 27. b3 Qf8) 24... cxd5 (24... exd5 25. e6 Kh8 26. exd7 Qxd7 27.
Rxh3 Bf6 28. e3 Rb4) 25. c6 Kh8 26. cxd7 Rg8+ 27. Kh1 Qxd7 28. Rc7 Qe8 29. Qc3
(29. Nxe6 $5 Qg6 30. Ng5 Bxg5 31. Rg1 $14) 29... Rg6 30. Rc1 Bh4 31. Nf3 $1 Bd8
32. Rb7 Qg8 33. Nd4 $2 (33. Nh2 $1) 33... Bh4 $2 ({Stronger was} 33... Rg4 {
with the idea of Qxh3 Rh4} 34. Nxf5 $1 h2 $1 {The threat is Rg1+ Kxh2 Qg2 mate.
} ({The point being that after} 34... exf5 35. e6+ {is game over for Black.})
35. Ng3 Rxf4 $17) 34. Qf3 (34. Nf3 $1 $11 {was the only way to keep the
balance.} Bd8 35. Ng1) 34... Rc8 35. Rc6 $2 Rg1+ $19 36. Kh2 Rg2+ 37. Kh1 Rxc6
38. Nxc6 Qg4 39. Nd4 Rxf2 40. Rb8+ Kg7 41. Nxe6+ Kh6 42. Qxg4 fxg4 43. Rb6 Bg3
0-1

[Event "American Continental 8th"]
[Site "Mar del Plata"]
[Date "2012.10.14"]
[Round "4"]
[White "Toth, Christian Endre"]
[Black "Hernandez Guerrero, Gilberto Eduardo"]
[Result "0-1"]
[WhiteElo "2357"]
[BlackElo "2531"]
[Annotator "Slipak,S"]
[PlyCount "54"]
[EventDate "2012.10.12"]
[EventType "swiss"]
[EventRounds "11"]
[EventCountry "ARG"]
[SourceTitle "EXT 2013"]
[Source "ChessBase"]
[SourceDate "2012.11.22"]
[SourceVersion "1"]
[SourceVersionDate "2012.11.22"]
[SourceQuality "1"]

{In the fourth round, the Mexican GM Gilberto Hernandez, who has resided in
Argentina for a number of years, showed good form in his win over the
Brazilian IM Christian Toth.} 1. d4 Nf6 2. c4 e6 3. g3 Bb4+ 4. Bd2 Qe7 5. Bg2
Nc6 6. Nf3 Bxd2+ 7. Nbxd2 {Positionally, the natural way to capture would be
with the queen, to allow the knight to develop to c3, however this would run
into tactical issues.} (7. Qxd2 Ne4 $1 8. Qc2 Qb4+ $1 9. Nc3 (9. Nbd2 {would
be worse.} Nxd2 {and White loses a pawn.} 10. Qxd2 (10. Nxd2 Nxd4) 10... Qxc4)
9... Nxc3 10. Qxc3 Qxc3+ 11. bxc3 {Black has a comfortable endgame in view of
White's poor pawn structure.}) 7... O-O 8. O-O d6 9. e4 e5 10. d5 Nb8 {
Gilberto plays the classic plan for black in this line: right after exchanging
the dark-squared bishop, he places his pawns on those squares to give his
remaining bishop free rein.} 11. Ne1 a5 12. Nd3 Na6 13. Qc2 {White needs to be
careful, since if he is not active enough, he can quickly be inferior as a
result of his "bad" bishop being boxed in by the pawns. As a rule, the best
plan is to take all the space possible, since that is White's main trump.} ({
A typical maneuver is} 13. f4) 13... Bd7 14. b3 c6 $1 {If we agree that
Black's problem is his lack of space then his goal should be to fight to
recover it.} 15. dxc6 Bxc6 16. Rac1 h6 17. Rfe1 Rfc8 18. Nb1 {Aiming for c3,
from which it can effectively control the b5 and d5 squares.} b5 $1 {Gilberto
continues to grow on the queenside.} 19. Qd2 $6 ({Correct was} 19. cxb5 Bxb5
20. Nc3) 19... b4 $1 {Effectively highlighting the poor placement of the
knight on b1.} 20. a4 $2 {A mistake that loses material.} bxa3 21. Nxa3 {
If we look at the pawns on b3 and e4 we can easily see that both are tactical
weaknesses since both are attacked an equal number of times: e4 is attacked
twice and defended twice, while b3 is waiting to be attacked. If we can create
a further threat to both these points, White may find defending them
overwhelming.} Qb7 $1 {The game is now over.} 22. Rb1 Nxe4 23. Qe3 Ng5 {
Creating a decisive attack on the long diagonal.} 24. h4 Bxg2 25. hxg5 hxg5 26.
Nb5 Rd8 27. Kh2 g4 0-1

[Event "NED-chT 9495"]
[Site "Netherlands"]
[Date "1994.??.??"]
[Round "1"]
[White "Van der Sterren, Paul"]
[Black "Speelman, Jonathan S"]
[Result "1/2-1/2"]
[WhiteElo "2605"]
[BlackElo "2605"]
[Annotator "Speelman,J"]
[PlyCount "105"]
[EventDate "1994.??.??"]
[EventType "team"]
[EventRounds "9"]
[EventCountry "NED"]
[SourceTitle "CBM 040"]
[Source "ChessBase"]
[SourceDate "1994.06.01"]
[SourceVersion "1"]
[SourceVersionDate "1994.06.01"]
[SourceQuality "1"]

1. d4 e6 2. c4 Bb4+ 3. Bd2 Bxd2+ $5 4. Qxd2 Nf6 5. g3 O-O 6. Bg2 d6 $5 (6... d5
) 7. Nf3 Nbd7 8. Nc3 e5 9. O-O Re8 10. e4 a6 11. Rfd1 (11. Rad1) 11... Rb8 (
11... b6 12. dxe5 $5 dxe5 13. Nxe5 $5 Rxe5 14. f4 Re8 15. e5 Rb8 16. exf6 Qxf6
17. Nd5 {unclear/+/-} Qd6 18. Nb4 $5 (18. b4) (18. Qf2 Nf6) 18... Qc5+ 19. Kh1
Nf6 20. Nc6 $13 Bb7 (20... Bg4 21. b4 (21. Nxb8 Bxd1 22. Rxd1 (22. Nxa6 $5 Qxc4
23. Nxc7 Ne4) 22... Rxb8 23. b4 $14) 21... Qf8 $16 (21... Qh5 22. Re1 $18) (
21... Qxc4 22. Nxb8 Bxd1 23. Rxd1 Rxb8 24. Qd8+)) 21. Nxb8 (21. b4) 21... Ne4
$1 22. Re1 $1 (22. Qd4 $2 Nf2+ 23. Kg1 Nxd1 24. Qxc5 (24. Rxd1 Re1+ $19) 24...
Re1+ 25. Bf1 bxc5 26. Nd7 Bc8 $19)) 12. b4 b6 {intending 13...ed 14 Qxd4 Bb7} (
12... exd4 13. Qxd4 Ng4 (13... b6 14. e5 $1) 14. Qa7 $5) 13. dxe5 $5 (13. d5)
13... dxe5 14. Bh3 Qe7 15. Nd5 Nxd5 16. cxd5 Nf6 17. Bxc8 Rbxc8 18. Re1 c6 (
18... Qd6) 19. d6 Qe6 20. Ng5 $5 Qg4 (20... Qd7 21. f4) 21. f3 Qh5 22. Kg2 h6
23. Nh3 Red8 24. Rac1 $1 (24. Rad1 c5 $1) 24... Rd7 25. Red1 Ne8 26. Qe3 b5 (
26... Nxd6 27. Qxb6 Nc4) 27. Qb6 Rxd6 28. Rxd6 (28. Qxa6 Rcd8 29. Rxd6 Rxd6)
28... Nxd6 29. Qxa6 Rf8 $8 30. Rxc6 (30. Qxc6 Rc8 (30... Nc4 $5)) 30... Nc4 31.
Rc8 Ne3+ 32. Kf2 Nd1+ 33. Kg2 $2 {time trouble} Ne3+ 34. Kf2 Nd1+ 35. Ke2 $2 {
time trouble} (35. Ke1 $1 Qxh3 36. Rxf8+ Kxf8 37. Qxb5 $1 $16) 35... Nc3+ 36.
Kd2 (36. Rxc3 Qxh3) 36... Nxe4+ (36... Qxf3 $2 37. Rxf8+ Kh7 38. Rh8+ $1 Kxh8
39. Qc8+ Kh7 40. Qxc3 Qg2+ 41. Ke3) 37. fxe4 Qxh3 38. Rxf8+ Kxf8 39. Qd6+ $2 (
39. Qxb5 $16) 39... Kg8 40. Qxe5 Qxh2+ 41. Kd3 Qf2 $1 $15 42. a3 g6 43. g4 Qf1+
(43... Kh7 $15) 44. Ke3 Qc1+ 45. Ke2 Qc2+ 46. Ke3 Qb3+ 47. Ke2 Qa2+ 48. Kd1 $1
Qxa3 49. Qxb5 $11 Qf3+ 50. Kd2 (50. Qe2 $4 Qb3+) 50... Qxe4 (50... Qxg4 $2 51.
Qe8+ Kg7 52. Qe5+ Kh7 53. b5) 51. Qb8+ Kg7 52. b5 Qd4+ 53. Kc2 $11 1/2-1/2

[Event "Bundesliga 9798"]
[Site "Germany"]
[Date "1998.02.01"]
[Round "9.2"]
[White "Krasenkow, Michal"]
[Black "Wahls, Matthias"]
[Result "1-0"]
[WhiteElo "2645"]
[BlackElo "2595"]
[Annotator "Stohl,I"]
[PlyCount "85"]
[EventDate "1997.10.18"]
[EventType "team-tourn"]
[EventRounds "15"]
[EventCountry "GER"]
[SourceTitle "CBM 063"]
[Source "ChessBase"]
[SourceDate "1998.03.26"]
[SourceVersion "1"]
[SourceVersionDate "1998.03.26"]
[SourceQuality "1"]
[WhiteTeam "Bochum"]
[BlackTeam "Hamburger SK"]
[WhiteTeamCountry "GER"]
[BlackTeamCountry "GER"]

{[%mdl 52]} 1. d4 Nf6 2. Nf3 e6 3. c4 Bb4+ 4. Nbd2 ({Approximately equivalent
is} 4. Bd2 {In a Queen's Indian Black places his Bc8 on the long diagonal,
Bogoljubov's can be somewhat different. Here Black sometimes strives for
King's Indian pawn structures without the passive Bg7.} {It can best be seen
in the line} Qe7 5. g3 Nc6 6. Bg2 Bxd2+ 7. Nbxd2 d6 8. O-O a5 $5 9. e4 e5 10.
d5 Nb8) 4... O-O $5 (4... c5 $6 5. a3 Bxd2+ 6. Qxd2 $14 {doesn't have a very
good reputation.}) ({Also} 4... d5 5. Qa4+ $5 Nc6 6. a3 Be7 (6... Bxd2+ 7. Bxd2
Ne4 8. Rd1 $14) 7. e3 O-O 8. Qc2 $14 {according to the current state of theory
doesn't completely solve Black's problems.}) (4... b6 $142 {when White has 2
possible attempts to gain an advantage from the opening:} 5. e3 (5. a3 Bxd2+ 6.
Bxd2 Bb7 7. Bg5 {or}) 5... Bb7 6. Bd3 O-O 7. O-O) 5. a3 Be7 (5... Bxd2+ $6 6.
Bxd2 b6 7. Bg5 $1 {is now dubious, as couterplay connected with h6 and g5
would seriously weaken the >>.}) 6. b4 $5 {A relatively fresh new idea.} (6. e3
{and}) (6. g3 {are too soft.}) ({More ambitious is} 6. e4 d5 7. e5 (7. Qc2 $143
dxe4 8. Nxe4 Nc6 $1 9. Bd3 Nxe4 10. Bxe4 Nxd4 11. Nxd4 Qxd4 12. Be3 Qe5 13.
Bxh7+ Kh8 14. Bd3 {Bareev,E-Adams,M/Dortmund/1992/} Bd7 $5 $11) 7... Nfd7 (7...
Ne4 $143 $6 8. Qc2 f5 9. exf6 Nxf6 10. Bd3 Nc6 11. O-O $36) 8. cxd5 exd5 9. b4
$5 (9. Bd3 c5 10. O-O Nc6 11. Re1 a5 12. h3 Re8 13. Nf1 cxd4 14. Ng3 Nf8 15. b3
f6 $1 16. exf6 Bxf6 17. Rxe8 Qxe8 18. Bb2 Qf7 19. Qd2 Bd7 20. Rd1 Ne6 21. Bf5
Rf8 22. Bxe6 Bxe6 23. Nxd4 Bd7 24. Nf3 Bxh3 $1 $11 {Cramling,P-Yusupov,A/Novi
Sad olm/1990/}) 9... a5 10. b5 c5 11. Bd3 cxd4 12. Nb3 a4 13. Nbxd4 Nc5 {
Wahls has already had this position in at least three games and he never had
any problems:} 14. Bc2 $142 $5 $14 (14. O-O Nxd3 15. Qxd3 Nd7 16. Nf5 Nc5 17.
Nxe7+ Qxe7 18. Qxd5 Nb3 19. Bg5 Qe6 20. Rad1 Qxd5 21. Rxd5 Be6 22. Rd6 h6 23.
Be3 Bc4 24. Re1 Bxb5 25. Rb6 (25. Nh4 $6 Na5 26. Bc5 Nc4 27. Rd5 Rfd8 28. Rxd8+
Rxd8 29. f4 Rd3 30. Rb1 Rb3 31. Rd1 Nxa3 $19 {Mikhalevski,V-Wahls,M/Bad
Endbach/1995/}) 25... Bc6 26. Nd4 Nxd4 27. Bxd4 Rfd8 28. Rb4 Ra5 29. f3 Rad5
30. Bc3 Rd3 31. Rc4 Rd1 {1/2,Roeder,M-Wahls,M/Geneva op/1995/}) (14. h3 Nxd3+
15. Qxd3 Nd7 16. O-O Nc5 17. Qe3 Qb6 18. Rb1 $2 Bxh3 $1 19. Ng5 Bd7 20. Bd2 Qg6
21. Rfc1 Nd3 22. Rd1 Rac8 23. Ngf3 Rfe8 24. Ba5 Nc5 25. Bb4 Bf8 26. Rbc1 b6 27.
Rc3 h6 28. Qf4 Qh5 29. Re1 g5 $17 {Huss,A-Wahls,M/SWZ-ch/1994/})) 6... d5 {
A logical reaction. I have been able to find only one another game with 6.b4:}
(6... b6 7. e4 d5 8. e5 Nfd7 9. Bd3 ({A transposition to the 6.e4 line
deserves attention strongly:} 9. cxd5 $5 exd5 10. Qb3 Bb7 (10... c6 $5) 11. Bd3
Re8 12. O-O Nf8 13. Re1 c6 14. Nf1 Ne6 15. Ne3 g6 16. Bb2 a6 17. Bf1 Nd7 18. a4
Ndf8 19. Red1 $16 {[%csl Gd4,Ge5] ()[+],Chuchelov,V-Makarov,M/Novosibirsk/1989/
}) 9... c5 10. dxc5 bxc5 11. b5 f6 12. exf6 Bxf6 13. Rb1 a6 14. bxa6 Nc6 15.
Bb2 Bxb2 16. Rxb2 $13 {Krasenkov,M-Aleksandrov,A/PCA act Moscow/1996/}) 7. Qc2
({Interesting was also} 7. c5 $5 {as White doesn't have to fear} Ne4 8. Qc2 f5
$6 9. e3 $14) 7... Nbd7 $6 {Not best. Black can achieve a full << blockade
after e.g.} (7... c6 8. c5 (8. e4 $5 {()}) 8... a5 9. Bb2 b5 {but this is
rather passive.}) (7... b6 8. c5 a5 $6 9. b5 c6 10. a4 {[%cal Yc1a3] /\Ba3
also isn't an ideal solution, Black can't resolve the << tension adequately.})
(7... a5 $142 $5 8. b5 dxc4 (8... c5 $6 9. cxd5 cxd4 10. dxe6 Bxe6 11. Bb2 $16)
(8... c6 9. bxc6 Nxc6 10. e3 $14 {/\} dxc4 11. Bxc4) 9. Nxc4 c6 $132 {@}) 8. c5
$1 {() Now White has a permanent space advantage, the freeing break e6-e5 is
practically out of question. To a certain point White demonstrates model
strategical handling of the position.} c6 9. e3 Qc7 (9... b5 $2 10. a4 $16) 10.
Bb2 b6 11. Bd3 bxc5 $6 ({More flexible was} 11... a5 $142 12. O-O Ba6 $14 {
and Black can choose a suitable moment for exchanges on the << later.}) 12.
bxc5 a5 13. O-O Ba6 14. Bxa6 Rxa6 15. a4 $1 Rb8 (15... e5 $5 {works tactically,
but after} 16. Nxe5 (16. dxe5 $6 Ng4 17. Qf5 Nh6 $15) 16... Nxe5 17. dxe5 Nd7
18. Bd4 Nxe5 19. Qc3 Bf6 20. Rab1 $14 (20. e4 $5 $36 {White is still better.}))
16. Rfb1 $36 {[%csl Ra5][%cal Gb1b8,Yb2c3,Yd2b3,Yc2d2] <->b,><a5 (/\Nb3,Bc3,
Qd2) Black can't exchange all the R, as it would cost him the a-pawn.} Qc8 17.
Bc3 Rxb1+ 18. Rxb1 Bd8 19. e4 Ra7 {Passive. But it's difficult to say, whether}
(19... dxe4 20. Nxe4 Nxe4 21. Qxe4 {[%cal Rf3d2,Rd2c4] /\Nd2-c4|^ was any
better.}) 20. e5 {[%csl Gc5,Gd4,Ge5] ()[+] Increasing his space edge.} Nh5 (
20... Ne8 $142) 21. Nb3 {[%csl Ra5][%cal Rc2d2,Rg2g4] /\Qd2,g4,><a5} Qa6 22.
Bd2 f5 23. exf6 $6 {A logical attempt to open the position with Black's major
pieces tied down on the <<. But now Black at least gains some breathing space.}
({Black remains cramped after the more consistent} 23. h3 $142 g6 24. g4 $16 (
24. Bg5 $5 $36)) 23... gxf6 $1 (23... Nhxf6 $143 $6 24. Bf4 $16) 24. Nc1 ({
Interesting was} 24. Re1 $5 Nf8 (24... Qc4 $6 25. Qxc4 dxc4 26. Na1 {[%csl Rc4,
Re6] ><c4,e6}) 25. Bh6 $36) 24... Bc7 (24... Rb7 $2 25. Rxb7 Qxb7 26. Nb3 $16 {
costs Black a pawn.}) 25. Nd3 Rb7 26. Rxb7 (26. Re1 Qc4 $1 $132) 26... Qxb7 27.
g4 (27. Nc1 $143 $6 Ng7 28. Nb3 Qa6 29. Qc3 e5 30. Nxa5 Ne6 $44 {|^}) 27... Ng7
28. Bh6 ({White,of course, doesn't want to allow} 28. g5 $6 Nf5 $13) 28... Nf8
({Pseudoactive is} 28... e5 $2 29. Bxg7 Kxg7 30. Nh4 $1 {[%csl Rf5,Rg7] ><f5,K}
e4 31. Nf5+ Kf7 32. Nb2 (32. Qd2 $5 exd3 33. Qe3 $1) 32... Qb4 33. Qc1 $40 {
[%cal Rc1h6] /\Qh6}) ({Deserving attention was} 28... Qb8 $5 29. Qe2 (29. Bxg7
Kxg7 30. g5 Qf8 $11) 29... Qe8 $14) 29. Bxg7 $6 $138 ({Patient strengthening
of the position} 29. h4 $142 $1 {[%cal Yh4h5,Yg1g2,Yc2e2] /\h5,Qe2,Kg2 etc.
was indicated. Now black equalizes.}) 29... Kxg7 30. g5 Ng6 ({Also possible was
} 30... fxg5 $5 31. Nxg5 h6 32. Nf3 Ng6 33. h4 Bb8 34. h5 Qf7 $1 $132) 31.
gxf6+ Kxf6 32. h4 h5 {Possible, but certainly not forced.} (32... Nf4 $142 33.
Ng5 (33. Nde5 $6 Bxe5 34. dxe5+ Kg7 35. Ng5 Kg8 $36) 33... h6 $11) 33. Qc1 (33.
Qd2 $2 Qb1+ 34. Nfe1 (34. Kg2 $2 Qxd3 $1) 34... Nxh4 (34... Qa1 $5 35. Qg5+ Kf7
36. Qxh5 Qxd4 $17) 35. Qh6+ Ng6 $17) 33... Qb3 $2 $138 {This active attempt is
understandable, but it's a decisive mistake.} (33... Kg7 $142 $1 34. Qd1 $5 (
34. Qg5 Qb1+ 35. Nfe1 (35. Nde1 Qf5) 35... Qd1 $132) (34. Ng5 Kf6 35. Qe1 (35.
Qe3 $2 Qb1+ 36. Kg2 $2 Nxh4+ $19) 35... Qc8 $11 (35... Nxh4 $2 36. f4 $1))
34... Bb8 $1 {[%cal Rb7f7,Rb7e7] /\Qf7,Qe7} 35. Ng5 Nxh4 36. Nxe6+ Kg8 {
and again White has a weak back rank.}) 34. Qg5+ Kf7 (34... Kg7 35. Nfe5 Bxe5
36. Nxe5 Qb1+ 37. Kh2 $18) 35. Nde1 $1 $18 {Now the Ph5 falls, as Black's Q
can't get to f5 in time.} Nf4 (35... Qxa4 36. Qxh5 Kf6 37. Qh7 Bf4 38. Qg8 $1
Bh6 39. Ne5 $1 Nxe5 40. dxe5+ Kxe5 41. Qh8+ $18) 36. Ne5+ Bxe5 37. Qxe5 Ng6 $8
38. Qxh5 Qb1 (38... Qxa4 39. Qh7+ (39. Nf3 $5 $40) 39... Kf6 40. h5 $18 {
[%csl Gh5] o^h5}) 39. Kf1 Kg7 40. Qg4 Kf7 (40... Qf5 41. Qxf5 exf5 42. Nf3 $18
{[%cal Rf3e5] /\Ne5}) 41. Qf3+ Kg7 (41... Ke7 42. h5 Nf8 43. Qg3 $1 $18) 42. h5
Ne7 $6 {Straca dalsi material, ale} (42... Nf8 $142 43. h6+ Kg8 44. Qg3+ Qg6
45. Nf3 Kh7 46. Qxg6+ Nxg6 47. Ng5+ Kxh6 48. Nxe6 Ne7 49. Ke2 {[%cal Ye6d8,
Yd8b7] /\Nd8-b7+-}) 43. h6+ $1 (43. h6+ Kg8 $8 {Otherwise Black loses his N} (
43... Kxh6 44. Qf8+ $18) (43... Kg6 44. Qg4+ Kxh6 45. Qh4+ $18) 44. Qf6 Qh7 45.
Qxe6+ $18) 1-0

[Event "Ter Apel"]
[Site "Ter Apel"]
[Date "1995.??.??"]
[Round "1"]
[White "Epishin, Vladimir"]
[Black "Adams, Michael"]
[Result "1/2-1/2"]
[WhiteElo "2635"]
[BlackElo "2655"]
[Annotator "Stohl,I"]
[PlyCount "68"]
[EventDate "1995.03.??"]
[EventType "tourn"]
[EventRounds "5"]
[EventCountry "NED"]
[EventCategory "16"]
[SourceTitle "CBM 047"]
[Source "ChessBase"]
[SourceDate "1995.08.01"]
[SourceVersion "1"]
[SourceVersionDate "1995.08.01"]
[SourceQuality "1"]

1. d4 e6 2. c4 Bb4+ 3. Nd2 (3. Bd2 a5 4. Nc3 $5 Nf6 5. Bg5 a4 6. a3 Bxc3+ 7.
bxc3 c5 8. d5 d6 9. e3 exd5 10. cxd5 Nbd7 11. Bd3 Qa5 12. Ne2 Nxd5 13. O-O c4
14. Bc2 Nxc3 15. Nxc3 Qxc3 16. Bf4 O-O 17. Bxd6 Re8 18. Bb4 Qe5 19. Bxa4 b5 $13
{Tukmakov,V-Motwani,P/Groningen op/1990/}) 3... d5 (3... Nf6 4. a3 $5 (4. Ngf3
{-E11}) 4... Be7 $5 (4... Bxd2+ 5. Bxd2 b6 6. Bg5 $14) 5. e4 d5 6. e5 Nfd7 7.
cxd5 exd5 8. f4 c5 9. Ngf3 Nc6 10. Bd3 Qb6 11. O-O a5 12. f5 $6 c4 13. f6 gxf6
14. exf6 Nxf6 15. Bc2 Nxd4 16. Ba4+ Nc6+ 17. Kh1 Be6 18. Ng5 O-O-O 19. Ndf3 Ne4
$17 {Mohr,S-King,D/Dortmund-A/1989/}) 4. Qa4+ $1 Nc6 5. e3 (5. Ngf3 $6 dxc4 $1
6. a3 (6. e3 c3 7. bxc3 Bxc3 8. Rb1 Nge7 $15) 6... Bxd2+ 7. Bxd2 Qd5 {/\b5=/+})
5... Nf6 6. Ngf3 {-E11} O-O (6... Bd7 {/\Nd4!} 7. Qc2 $14) (6... Ne4 $5 7. a3
Nxd2 8. Bxd2 Bxd2+ 9. Nxd2 O-O {/\e5}) 7. a3 (7. Bd3 Bd7 8. Qc2 dxc4 9. Qxc4
Bd6 10. O-O e5 11. dxe5 Nxe5 12. Nxe5 Bxe5 13. Nf3 Bd6 14. e4 Be6 15. Qc2 Ng4
16. e5 Nxe5 17. Nxe5 Bxe5 18. Bxh7+ Kh8 19. Be4 Bd5 20. Bxd5 Qxd5 21. Be3 Rfd8
22. Rfd1 Qe6 23. a3 b6 $10 {Lutz,C-Adams,M/Wijk/1995/}) 7... Be7 (7... Bxd2+ 8.
Bxd2 Ne4 9. Rd1 Bd7 10. Qc2 $14 {(),ץd7}) (7... Bd6 $5 {/\e5}) 8. b4 $5 (8.
Qc2 a5 9. b3 $14) 8... a6 9. Qc2 dxc4 10. Bxc4 {(),[+]} Bd6 $6 {/\e5} (10...
Bd7 $142 11. Bb2 Na7 $132 {/\Bb5}) 11. Bb2 Qe7 12. Ne5 $1 Nb8 $5 (12... Bxe5
13. dxe5 Nd7 14. f4 $16 {ץc8,->>>}) 13. Be2 (13. O-O $14) 13... Bd7 14. Bf3 (
14. O-O $5 Bb5 15. Ndc4 $36 {[+]}) 14... a5 $14 {<=>} 15. Nxd7 (15. Bxb7 Ra7 {
/\ab4}) 15... Qxd7 (15... Nbxd7 $6 16. b5 $16) 16. bxa5 (16. Bxb7 Ra7 17. Bf3
axb4 18. axb4 Rxa1+ 19. Bxa1 Bxb4 20. O-O $14 {/\} c5 21. Ne4 $1 $36 {^^})
16... Rxa5 17. O-O (17. Bxb7 $2 c6 18. Nc4 Ra7 $19) (17. Nc4 Ra7 18. Nxd6 cxd6
19. O-O d5 $10) 17... Ra7 18. Nc4 $14 Be7 19. Rfc1 c6 (19... Nc6 20. Ne5 Nxe5
21. dxe5 Ne8 22. Bd4 $5 Rxa3 23. Rab1 c6 24. Qb2 $16) 20. a4 Qc7 21. a5 Nbd7
22. Qb3 (22. e4 $5 $36 {/\Bc3-d2-e3,[+]}) 22... Rb8 23. g3 Qd8 $1 24. Rab1 Ne8
25. Bc3 Nd6 26. Bd2 $2 (26. Nxd6 Bxd6 27. Qc4 {/\Rc2-b2,a6} Bc7 28. a6 $14)
26... Nxc4 27. Qxc4 Ne5 $1 $10 28. dxe5 (28. Qe2 Nxf3+ 29. Qxf3 Qc8 {/\Bd8=})
28... Qxd2 29. a6 $8 Rxa6 30. Rd1 (30. Qxa6 Qxc1+ 31. Rxc1 bxa6 $10) 30... Qa2
31. Qxa2 Rxa2 32. Rd7 (32. Bxc6 b6 33. Rd7 Bc5 $10) 32... Bf8 33. Rbxb7 (33.
Bxc6 b6 $10) 33... Rxb7 34. Rxb7 Rc2 (34... Rc2 35. Rc7 f6 $5 (35... c5 36. Bc6
{/\Be8}) 36. exf6 gxf6 37. Bxc6 Bd6 38. Rc8+ Kg7 $10) 1/2-1/2